00367nam a2200133Ia 4500003000400000008004100004020002200045040000800067100002000075245008700095260002800182300001200210365001100222LDD181029s9999 xx 000 0 und d a195681126c595.00 cLDD aReddy, V. Ratna 0aManaging water resourcesbpolicies, institutions, and technologiescV. Ratna Reddy aNew DelhibOxfordc2006 axi, 325 b595.00